000 00412nam a2200169Ia 4500
999 _c30567
_d30567
003 OSt
005 20251008105552.0
008 250310s9999||||xx |||||||||||||| ||und||
040 _c.
082 _a921.4
_bH9863
100 _94004
_aHuxley, Aldous
245 0 _aGrey Eminence /
_cAldous Huxley
260 _aLondon :
_bChatto & Windus,
_c1956.
300 _a330 p.
650 0 _9338
_aBiography
942 _cBK
_2ddc